Tilastot visalle Suomen Yleisimmät Järvien Nimet

Klikkaa tästä pelataksesi tätä visaa!

Yleistilastot

  • Tätä visaa on pelattu 127 kertaa
  • Keskiarvotulos 3 / 10

Vastaustilastot

Järvi% Oikein
Saarijärvi
64%
Kivijärvi
56%
Ahvenjärvi
43%
Syväjärvi
30%
Pitkäjärvi
26%
Särkijärvi
26%
Kalliojärvi
20%
Salmijärvi
11%
Vähäjärvi
11%
Vääräjärvi
6%

Tulosjakauma

Persentiili vastausten määrän mukaan

Jokaisen tuloksen saaneiden osuus

Tuloshistoriasi

Et ole pelannut tätä visaa